Fúzie a akvizície v bankovom sektore

Transformácia bankového sektora v strednej a východnej Európe od roku 1990. Prehľad najväčších medzinárodných akvizícií bánk v Európe. Hlavné trendy v európskom bankovníctve.

Gespeichert in:
Bibliographische Detailangaben
1. Verfasser: Bikár, Miloš, 1973-
Format: Buchkapitel
Sprache:Slowakisch
Schlagworte:
Tags: Tag hinzufügen
Keine Tags, Fügen Sie das erste Tag hinzu!

MARC

LEADER 00000naa$a2200000$$$4500
001 0048970
005 20240502071549.7
041 0 |a slo 
044 |a SK 
245 1 0 |a Fúzie a akvizície v bankovom sektore  |c Miloš Bikár 
520 |a Transformácia bankového sektora v strednej a východnej Európe od roku 1990. Prehľad najväčších medzinárodných akvizícií bánk v Európe. Hlavné trendy v európskom bankovníctve. 
610 2 0 |a fúzie 
610 2 0 |a akvizícia 
610 2 0 |a bankovníctvo 
610 2 0 |a transformácia 
610 2 0 |a SVE 
610 2 0 |a banky medzinárodné 
100 1 |a Bikár, Miloš, 1973-